[Event "St Petersburg-ch sf"]
[Site "St Petersburg"]
[Date "2002.??.??"]
[Round "5"]
[White "Kolpakov, Andrey"]
[Black "Onatsevich, Oleg Petrovich"]
[Result "1-0"]
[WhiteElo "2190"]
[BlackElo "2285"]
[PlyCount "77"]
[EventDate "2002.02.??"]
[EventType "swiss"]
[EventRounds "10"]
[EventCountry "RUS"]
[SourceTitle "EXT 2003"]
[Source "ChessBase"]
[SourceDate "2002.11.25"]
[SourceVersion "1"]
[SourceVersionDate "2002.11.25"]
[SourceQuality "1"]

1. c4 d6 2. Nc3 Nf6 3. d4 g6 4. e4 Bg7 5. Be2 Nbd7 6. f4 0-0 7. Nf3 c5 8. d5 a6 9. a4 Qc7 10. 0-0 e6 11. e5 dxe5 12. d6 Qb8 13. fxe5 Ng4 14. Bg5 Ngxe5 15. Be7 Re8 16. Nxe5 Bxe5 17. Ne4 f5 18. Ng5 Bd4+ 19. Kh1 Ne5 20. Rf4 h6 21. Rxd4 cxd4 22. Qxd4 hxg5 23. Qxe5 Rxe7 24. dxe7 Kf7 25. e8Q+ Kxe8 26. Qh8+ Kf7 27. Rd1 Qa7 28. Rd8 Qc5 29. Rg8 Ke7 30. Rd8 Kf7 31. Bf3 Qb4 32. h3 g4 33. hxg4 f4 34. Qg8+ Kf6 35. Qh8+ Kf7 36. Kh2 a5 37. Rg8 Ke7 38. Qg7+ Kd6 39. Rd8+ 1-0

[Event "RUS-chT2 B1 corr 9902"]
[Site "RCCA"]
[Date "2002.??.??"]
[Round "?"]
[White "Onatsevich, Oleg Petrovich"]
[Black "Donskikh, Yury Fedorovich"]
[Result "0-1"]
[WhiteElo "2428"]
[BlackElo "2436"]
[PlyCount "36"]
[EventDate "2002.??.??"]
[EventType "team-tourn (corr)"]
[EventRounds "12"]
[EventCountry "RUS"]
[SourceTitle "Corr 2011"]
[Source "ChessBase"]
[SourceDate "2010.08.31"]
[SourceVersion "1"]
[SourceVersionDate "2010.08.31"]
[SourceQuality "1"]

1. e4 a6 2. c4 e5 3. Nc3 Nc6 4. g3 Bc5 5. Bg2 d6 6. d3 h5 7. Nf3 h4 8. Nxh4 Rxh4 9. gxh4 Qxh4 10. 0-0 Nf6 11. Qd2 Ng4 12. h3 Nxf2 13. Rxf2 Bxh3 14. Nd1 Bxg2 15. Kxg2 Qg4+ 16. Kf1 Qh3+ 17. Kg1 Nd4 18. Ne3 Ke7 0-1

[Event "St Petersburg op"]
[Site "St Petersburg"]
[Date "2002.??.??"]
[Round "4"]
[White "Onatsevich, Oleg Petrovich"]
[Black "Gavrilov, Oleg"]
[Result "1/2-1/2"]
[WhiteElo "2285"]
[BlackElo "2243"]
[PlyCount "94"]
[EventDate "2002.??.??"]
[EventType "swiss"]
[EventRounds "9"]
[EventCountry "RUS"]
[SourceTitle "EXT 2006"]
[Source "ChessBase"]
[SourceDate "2005.11.24"]
[SourceVersion "1"]
[SourceVersionDate "2005.11.24"]
[SourceQuality "1"]

1. e4 d5 2. exd5 Qxd5 3. Nf3 Nf6 4. d4 Bg4 5. Be2 e6 6. h3 Bh5 7. 0-0 c6 8. c4 Qd8 9. Nc3 Bd6 10. Bg5 Nbd7 11. d5 cxd5 12. cxd5 e5 13. Ne4 Qb8 14. Bxf6 Nxf6 15. Qa4+ Kf8 16. Nxf6 gxf6 17. Nxe5 fxe5 18. Bxh5 Qd8 19. Qe4 Qg5 20. Bg4 Kg7 21. Rac1 h5 22. Bf5 h4 23. Rc3 Qf4 24. Qxf4 exf4 25. Bg4 Rhe8 26. Rd1 Re7 27. Kf1 Rae8 28. Rc8 Rxc8 29. Bxc8 Rc7 30. Bf5 Kf6 31. Bb1 Re7 32. a3 Kg5 33. Rd2 Kf6 34. Bc2 Kg5 35. Bd1 f5 36. Rc2 Rc7 37. Ke2 Rxc2+ 38. Bxc2 Kf6 39. Kd3 Ke5 40. Kc4 Bc7 41. b4 Bb6 42. f3 Bf2 43. Ba4 a6 44. Bd7 b5+ 45. Kc3 Kxd5 46. Bxf5 Kc6 47. Kd3 Kb6 1/2-1/2

[Event "RUS-chT2 B1 corr 9902"]
[Site "RCCA"]
[Date "2002.??.??"]
[Round "?"]
[White "Onatsevich, Oleg Petrovich"]
[Black "Lykhin, Oleg Vladimirovich"]
[Result "1/2-1/2"]
[WhiteElo "2428"]
[BlackElo "2627"]
[PlyCount "103"]
[EventDate "2002.??.??"]
[EventType "team-tourn (corr)"]
[EventRounds "12"]
[EventCountry "RUS"]
[SourceTitle "Corr 2011"]
[Source "ChessBase"]
[SourceDate "2010.08.31"]
[SourceVersion "1"]
[SourceVersionDate "2010.08.31"]
[SourceQuality "1"]

1. e4 c5 2. Nf3 d6 3. d4 cxd4 4. Nxd4 Nf6 5. Nc3 Nc6 6. Bg5 e6 7. Qd2 a6 8. 0-0-0 Bd7 9. f4 b5 10. Bxf6 gxf6 11. Kb1 Qb6 12. Nxc6 Bxc6 13. Qe1 Ra7 14. f5 Qc5 15. Bd3 a5 16. fxe6 fxe6 17. Qf1 Bg7 18. Bxb5 Rb7 19. a4 f5 20. Bxc6+ Qxc6 21. Nb5 0-0 22. Qe2 Be5 23. exf5 Rxf5 24. Rhf1 Rxf1 25. Rxf1 Rg7 26. g3 Rf7 27. Re1 Kf8 28. c3 Rf6 29. Qe4 Qxe4+ 30. Rxe4 Ke7 31. Rh4 h6 32. b4 axb4 33. Rxb4 Kd7 34. a5 Rf8 35. a6 Ra8 36. a7 Kc6 37. Kc2 d5 38. Kb3 h5 39. Ka4 Kc5 40. Rh4 Bb8 41. Rxh5 Bxa7 42. Nxa7 Rxa7+ 43. Kb3 Ra1 44. Rg5 Rg1 45. Re5 Rg2 46. Rxe6 Rxh2 47. Re8 Rh1 48. Rc8+ Kb5 49. Rg8 Rg1 50. Kc2 d4 51. cxd4 Kc4 52. Kd2 1/2-1/2

[Event "St Petersburg op"]
[Site "St Petersburg"]
[Date "2002.??.??"]
[Round "6"]
[White "Onatsevich, Oleg Petrovich"]
[Black "Yakovlev, Yuri S"]
[Result "1-0"]
[WhiteElo "2285"]
[BlackElo "2089"]
[PlyCount "155"]
[EventDate "2002.??.??"]
[EventType "swiss"]
[EventRounds "9"]
[EventCountry "RUS"]
[SourceTitle "EXT 2006"]
[Source "ChessBase"]
[SourceDate "2005.11.24"]
[SourceVersion "1"]
[SourceVersionDate "2005.11.24"]
[SourceQuality "1"]

1. e4 d6 2. d4 Nf6 3. Nc3 g6 4. Be3 c6 5. h3 Nbd7 6. f4 Qb6 7. a3 Bg7 8. Bd3 0-0 9. Nge2 e5 10. Qd2 Qc7 11. 0-0 Re8 12. dxe5 dxe5 13. f5 gxf5 14. Rxf5 Nf8 15. Rf2 Be6 16. Raf1 N6d7 17. Ng3 Ng6 18. Nf5 Ndf8 19. Bh6 Bxh6 20. Qxh6 f6 21. Ng3 Qg7 22. Qxg7+ Kxg7 23. Nh5+ Kh8 24. Nxf6 Re7 25. Be2 Nd7 26. Bg4 Nxf6 27. Bxe6 Nf4 28. Bf5 Rg7 29. Ne2 N6h5 30. Nxf4 Nxf4 31. Kh2 Rag8 32. Bg4 h5 33. Bf3 h4 34. Rd1 Re8 35. Rd6 Re6 36. Rxe6 Nxe6 37. Bg4 Nf4 38. Rd2 Re7 39. Rd6 Kg7 40. g3 hxg3+ 41. Kxg3 Rf7 42. h4 Rf6 43. Rd7+ Rf7 44. Rd8 Kf6 45. h5 Kg5 46. Rg8+ Kh6 47. Re8 Nxh5+ 48. Bxh5 Kxh5 49. Rxe5+ Kg6 50. c4 Rd7 51. Kf4 Rd2 52. b4 Rf2+ 53. Ke3 Rb2 54. Re7 Rb3+ 55. Kd4 Rxa3 56. Rxb7 a5 57. bxa5 Rxa5 58. Rb6 Kf7 59. Rxc6 Ke7 60. c5 Ra1 61. Rh6 Rd1+ 62. Ke5 Rc1 63. Rh7+ Kd8 64. Kd6 Rd1+ 65. Ke6 Rc1 66. Rd7+ Kc8 67. Rd5 Kc7 68. e5 Kc6 69. Rd2 Rxc5 70. Kf6 Rc1 71. e6 Rf1+ 72. Ke7 Kc7 73. Rc2+ Kb6 74. Ke8 Re1 75. e7 Kb5 76. Rc8 Kb6 77. Kf7 Rf1+ 78. Kg6 1-0

[Event "Novaya Ladoga"]
[Site "Novaya Ladoga"]
[Date "2001.??.??"]
[Round "?"]
[White "Onatsevich, Oleg Petrovich"]
[Black "Bets, Anatolij"]
[Result "1/2-1/2"]
[WhiteElo "2286"]
[BlackElo "2405"]
[PlyCount "61"]
[EventDate "2001.??.??"]
[EventType "tourn"]
[EventRounds "11"]
[EventCountry "RUS"]
[SourceTitle "EXT 2002"]
[Source "ChessBase"]
[SourceDate "2001.11.25"]
[SourceVersion "1"]
[SourceVersionDate "2001.11.25"]
[SourceQuality "1"]

1. e4 c6 2. d4 d5 3. Nd2 dxe4 4. Nxe4 Bf5 5. Ng3 Bg6 6. h4 h6 7. Nf3 Nf6 8. Ne5 Bh7 9. Bd3 Bxd3 10. Qxd3 e6 11. f4 Nbd7 12. Bd2 Bd6 13. 0-0-0 Qc7 14. Kb1 Rd8 15. Ne4 Nxe4 16. Qxe4 Nf6 17. Qf3 h5 18. Rhe1 0-0 19. f5 exf5 20. Qxf5 Rfe8 21. c4 c5 22. Bg5 Bxe5 23. dxe5 Rxd1+ 24. Rxd1 Rxe5 25. Qf3 Qe7 26. Bxf6 gxf6 27. a3 Kg7 28. Qg3+ Kh7 29. Qd3+ Kg7 30. Qg3+ Kh7 31. Qd3+ 1/2-1/2

[Event "Novaya Ladoga"]
[Site "Novaya Ladoga"]
[Date "2001.??.??"]
[Round "?"]
[White "Onatsevich, Oleg Petrovich"]
[Black "Ishkanov, Tigran"]
[Result "1/2-1/2"]
[WhiteElo "2286"]
[BlackElo "2272"]
[PlyCount "133"]
[EventDate "2001.??.??"]
[EventType "tourn"]
[EventRounds "11"]
[EventCountry "RUS"]
[SourceTitle "EXT 2002"]
[Source "ChessBase"]
[SourceDate "2001.11.25"]
[SourceVersion "1"]
[SourceVersionDate "2001.11.25"]
[SourceQuality "1"]

1. e4 c5 2. Nf3 Nc6 3. Nc3 Nf6 4. d4 cxd4 5. Nxd4 e5 6. Ndb5 d6 7. Bg5 a6 8. Na3 b5 9. Bxf6 gxf6 10. Nd5 f5 11. exf5 Bxf5 12. c3 Bg7 13. Nc2 0-0 14. Nce3 Be6 15. g3 f5 16. Bg2 Rc8 17. Qh5 Ne7 18. 0-0 e4 19. Nf4 Bf7 20. Qh3 Rc5 21. Kh1 Kh8 22. f3 exf3 23. Bxf3 Ng6 24. Nxg6+ Bxg6 25. Nd5 Bf7 26. Rad1 Qg5 27. Nf4 Be5 28. Bd5 Bxd5+ 29. Nxd5 Rc4 30. Qg2 h5 31. Qd2 Qxd2 32. Rxd2 h4 33. Ne7 Rg4 34. Nxf5 Rg5 35. Ne3 Rxf1+ 36. Nxf1 Kg7 37. Kg2 Kf7 38. Rd3 Ke6 39. Rf3 b4 40. cxb4 Bxb2 41. Rb3 Bd4 42. Nd2 hxg3 43. Nf3 Rd5 44. hxg3 Bb6 45. g4 Rd1 46. Kg3 a5 47. bxa5 Bxa5 48. g5 d5 49. Re3+ Kf5 50. Re5+ Kg6 51. Kg4 Bc3 52. Re6+ Kf7 53. Ra6 d4 54. Ra7+ Kf8 55. Rc7 Ra1 56. Kf5 Rxa2 57. Ne5 Rf2+ 58. Kg6 Bd2 59. Nc6 Ke8 60. Re7+ Kf8 61. Rd7 Bxg5 62. Kxg5 Rg2+ 63. Kf6 Rf2+ 64. Ke6 Re2+ 65. Ne5 Ra2 66. Rxd4 Ra6+ 67. Kf5 1/2-1/2

[Event "RUS-ch sf"]
[Site "Gatchina"]
[Date "2001.??.??"]
[Round "2"]
[White "Onatsevich, Oleg Petrovich"]
[Black "Ivanov, Alexander V"]
[Result "1-0"]
[WhiteElo "2286"]
[BlackElo "2236"]
[PlyCount "89"]
[EventDate "2001.??.??"]
[EventType "swiss"]
[EventRounds "9"]
[EventCountry "RUS"]
[SourceTitle "EXT 2002"]
[Source "ChessBase"]
[SourceDate "2001.11.25"]
[SourceVersion "1"]
[SourceVersionDate "2001.11.25"]
[SourceQuality "1"]

1. e4 d6 2. d4 Nf6 3. Nc3 c6 4. f4 Qa5 5. Bd3 Bg4 6. Nf3 e5 7. Be3 Qb6 8. Na4 Qa5+ 9. Nc3 exf4 10. Bxf4 Qb4 11. a3 Qxb2 12. Na4 Bxf3 13. gxf3 Qxd4 14. c3 Qe5 15. Bxe5 dxe5 16. Qb3 b5 17. Bc4 Be7 18. Bxf7+ Kf8 19. Be6 Na6 20. Rd1 Re8 21. Nb2 Nc5 22. Qa2 g6 23. Nd3 Na4 24. Qb3 Kg7 25. Bf7 Ref8 26. Nxe5 Nc5 27. Qa2 Nh5 28. Rg1 Nf4 29. Qd2 Rxf7 30. Nxf7 Ncd3+ 31. Kf1 Kxf7 32. Rg4 g5 33. Rxf4+ Nxf4 34. Qd7 Rf8 35. Qxc6 Ng6 36. Rd5 Kg7 37. Rf5 Rd8 38. Qxb5 Bxa3 39. Qb7+ Kh6 40. Rf7 Rh8 41. Qxa7 Bd6 42. Qd7 Be7 43. c4 Nf4 44. c5 Kg6 45. Qf5+ 1-0

[Event "RUS-ch sf"]
[Site "Gatchina"]
[Date "2001.??.??"]
[Round "9"]
[White "Onatsevich, Oleg Petrovich"]
[Black "Pavlov, Aleksandr"]
[Result "1/2-1/2"]
[WhiteElo "2286"]
[BlackElo "2319"]
[PlyCount "20"]
[EventDate "2001.??.??"]
[EventType "swiss"]
[EventRounds "9"]
[EventCountry "RUS"]
[SourceTitle "EXT 2002"]
[Source "ChessBase"]
[SourceDate "2001.11.25"]
[SourceVersion "1"]
[SourceVersionDate "2001.11.25"]
[SourceQuality "1"]

1. e4 c5 2. Nc3 d6 3. g3 Nc6 4. Bg2 g6 5. d3 Bg7 6. f4 e6 7. Nf3 Nge7 8. 0-0 0-0 9. Be3 Rb8 10. Qd2 b5 1/2-1/2

[Event "Novaya Ladoga"]
[Site "Novaya Ladoga"]
[Date "2001.??.??"]
[Round "?"]
[White "Onatsevich, Oleg Petrovich"]
[Black "Shalaev, Nikolay"]
[Result "1/2-1/2"]
[WhiteElo "2286"]
[BlackElo "2096"]
[PlyCount "93"]
[EventDate "2001.??.??"]
[EventType "tourn"]
[EventRounds "11"]
[EventCountry "RUS"]
[SourceTitle "EXT 2002"]
[Source "ChessBase"]
[SourceDate "2001.11.25"]
[SourceVersion "1"]
[SourceVersionDate "2001.11.25"]
[SourceQuality "1"]

1. e4 e6 2. Nf3 d5 3. Nc3 dxe4 4. Nxe4 Nd7 5. d4 Ngf6 6. Nxf6+ Nxf6 7. Bg5 c5 8. dxc5 Bxc5 9. Bd3 Qb6 10. 0-0 h6 11. Bh4 g5 12. Bg3 Nd5 13. Ne5 h5 14. Nc4 Qd8 15. Qe2 h4 16. Be5 f6 17. Bc3 Nf4 18. Qf3 e5 19. Ne3 Bd7 20. Be4 g4 21. Nxg4 Rg8 22. h3 Qb6 23. Bxb7 Rb8 24. Be4 f5 25. Bxe5 Nxh3+ 26. gxh3 fxg4 27. Qe2 gxh3+ 28. Kh1 Bg4 29. f3 Be6 30. f4 Bg4 31. Qc4 Be6 32. Qe2 Bg4 33. Qe1 Rb7 34. Qxh4 Re7 35. Rae1 Qb4 36. Bc6+ Kd8 37. Rd1+ Kc8 38. Bf3 Bxf3+ 39. Rxf3 Rxe5 40. Qxh3+ Kc7 41. fxe5 Qe4 42. b4 Rh8 43. Qxh8 Qxf3+ 44. Kh2 Qf2+ 45. Kh3 Qf3+ 46. Kh2 Qf2+ 47. Kh3 1/2-1/2

[Event "RUS-ch sf"]
[Site "Gatchina"]
[Date "2000.??.??"]
[Round "2"]
[White "Yevseev, Denis"]
[Black "Onatsevich, Oleg Petrovich"]
[Result "1-0"]
[WhiteElo "2496"]
[BlackElo "2312"]
[PlyCount "37"]
[EventDate "2000.??.??"]
[EventType "swiss"]
[EventRounds "9"]
[EventCountry "RUS"]
[SourceTitle "EXT 2001"]
[Source "ChessBase"]
[SourceDate "2000.11.22"]
[SourceVersion "1"]
[SourceVersionDate "2000.11.22"]
[SourceQuality "1"]

1. d4 d5 2. c4 e6 3. Nf3 c6 4. Nc3 Nf6 5. e3 Nbd7 6. Bd3 Bb4 7. 0-0 0-0 8. Qc2 dxc4 9. Bxc4 Bd6 10. Bd2 e5 11. Bb3 h6 12. h3 exd4 13. exd4 Qc7 14. Bxh6 Bf4 15. Bg5 Kh8 16. Rfe1 Nb6 17. Qd3 Qd6 18. Ne4 Nxe4 19. Qxe4 1-0